نظرية الحوسبة و الأوتوماتية و اللغات الشكلية / (رقم التسجيلة. 132639)

تفاصيل مارك
000 -الفاتح
عناصر البيانات ثابتة الطول 00833cam a2200217 i 4500
005 - تاريخ ووقت آخر معاملة
حقل ضبط 20251108175356.0
008 - عناصر البيانات ثابتة الطول
عناصر البيانات ثابتة الطول 250721s2011 jo a gr 000 0 ara d
020 ## - الترقيم الدولي المعياري للكتب (ردمك)
الترقيم الدولي المعياري للكتب (ردمك) 9789957170943
082 14 - رقم تصنيف ديوي العشري
رقم التصنيف 005
رقم المادة س ي د
100 1# - مدخل رئيسي – اسم شخصي
الاسم الشخصي السيد، أبو بكر أحمد
علاقة الشخص بالعمل/ دوره مؤلف.
245 10 - بيان العنوان
العنوان نظرية الحوسبة و الأوتوماتية و اللغات الشكلية /
بيان المسؤولية د. ابو بكر احمد السيد.
250 ## - بيان الطبعة
بيان الطبعة الطبعة الاولى.
264 31 - بيانات النشر، التوزيع…إلخ
مكان النشر، التوزيع...إلخ الكويت :
اسم الناشر، الموزع...إلخ مكتبة الفلاح للنشر والتوزيع،
تاريخ النشر، التوزيع...إلخ 2011.
264 31 - بيانات النشر، التوزيع…إلخ
مكان النشر، التوزيع...إلخ عمان :
اسم الناشر، الموزع...إلخ دار حنين للنشر والتوزيع،
300 ## - الوصف المادي
عدد الوحدات المكونة للوعاء 352 صفحة.
650 17 - مدخل إضافي بالموضوع - مصطلح موضوعي
مصطلح موضوعي أو اسم جغرافي كعنصر مدخل الحواسيب.
650 17 - مدخل إضافي بالموضوع - مصطلح موضوعي
مصطلح موضوعي أو اسم جغرافي كعنصر مدخل لغات البرمجة.
650 17 - مدخل إضافي بالموضوع - مصطلح موضوعي
مصطلح موضوعي أو اسم جغرافي كعنصر مدخل التحكم الآلي.
942 ## - بيانات إضافية (كوها)
نوع التنصيف Dewey Decimal Classification
نوع المادة (كوها) كتب
المقتنيات
حالة السحب حالة الفقدان مصدر التصنيف حالة التلف غير قابل للإعارة المكتبة الرئيسية المكتبة الحالية موقع الرف تاريخ التزويد الرقم المتسلسل Total Checkouts رقم الإستدعاء الباركود تاريخ آخر ظهور تاريخ الفاتورة نوع المادة (كوها)
    Dewey Decimal Classification     المكتبة المركزية المكتبة المركزية الإعارة 28/07/2025 1614117   005 / س ي د PLD00353883 28/07/2025 28/07/2025 كتب
Implemented & Customized by: BBB with SCIT (Smart Chains for Information Technology)

Powered by Koha